Tell me about Islamic history : (Record no. 1345)

MARC details
000 -LEADER
fixed length control field 00535nam a2200181 ar4500
001 - CONTROL NUMBER
control field 1347
005 - DATE AND TIME OF LATEST TRANSACTION
control field 20221127090211.0
008 - FIXED-LENGTH DATA ELEMENTS--GENERAL INFORMATION
fixed length control field 090712s ii 00010|eng d
020 ## - INTERNATIONAL STANDARD BOOK NUMBER
International Standard Book Number 8178982404(pbk)
082 04 - DEWEY DECIMAL CLASSIFICATION NUMBER
Classification number 297.09
Item number N134 2003
100 1# - MAIN ENTRY--PERSONAL NAME
Personal name Nagy, Luqman.
245 10 - TITLE STATEMENT
Title Tell me about Islamic history :
Remainder of title pages from Islamic history /
Statement of responsibility, etc. by Luqman Nagy.
260 ## - PUBLICATION, DISTRIBUTION, ETC.
Place of publication, distribution, etc. New Delhi :
Name of publisher, distributor, etc. Goodword Kids,
Date of publication, distribution, etc. 2003
300 ## - PHYSICAL DESCRIPTION
Extent 48 p ;
Dimensions 28 cm.
440 #0 - SERIES STATEMENT/ADDED ENTRY--TITLE
Title Tell me about.
504 ## - BIBLIOGRAPHY, ETC. NOTE
Bibliography, etc. note includes bibliographic refence.
650 #4 - SUBJECT ADDED ENTRY--TOPICAL TERM
Topical term or geographic name entry element Islam
General subdivision History.
Holdings
Withdrawn status Lost status Source of classification or shelving scheme Damaged status Not for loan Home library Current library Date acquired Total Checkouts Full call number Barcode Date last seen Copy number Price effective from Koha item type
              11/27/2022   297.09 N134 2003 1000000006741 11/27/2022 C1 11/27/2022 Book